| Tag |
First Indicator |
Second Indicator |
Subfields |
| LEADER |
00000cem a2200000 4500 |
| 001 |
in00002781806 |
| 005 |
20150922114702.0 |
| 007 |
aj aanzn |
| 008 |
750604s1972 txu a 0 eng |
| 010 |
|
|
|a 75690432
|
| 034 |
1 |
|
|a a
|b 32000
|
| 035 |
|
|
|a (OCoLC)ocm05439979
|
| 035 |
|
|
|a (OCoLC)5439979
|
| 040 |
|
|
|a DLC
|c DLC
|d OCL
|d OCLCQ
|d TXA
|d UtOrBLW
|
| 043 |
|
|
|a n-us-tx
|
| 049 |
|
|
|a TXAM
|
| 050 |
0 |
0 |
|a G4034.R68 1972
|b .R6
|
| 052 |
|
|
|a 4034
|b R68
|
| 110 |
2 |
|
|a Robinson Chamber of Commerce.
|
| 245 |
1 |
0 |
|a Map of Robinson, Texas.
|
| 255 |
|
|
|a Scale [ca. 1:32,000].
|
| 264 |
|
1 |
|a [Robinson],
|b [publisher not identified] ;
|c 1972.
|
| 300 |
|
|
|a 1 map ;
|c on sheet 38 x 41 cm.
|
| 336 |
|
|
|a cartographic image
|b cri
|2 rdacontent
|
| 337 |
|
|
|a unmediated
|b n
|2 rdamedia
|
| 338 |
|
|
|a sheet
|b nb
|2 rdacarrier
|
| 500 |
|
|
|a Cartographic material.
|
| 651 |
|
0 |
|a Robinson (Tex.)
|v Maps.
|
| 948 |
|
|
|a cataloged
|b h
|c 2012/9/11
|d c
|e jgreene
|f 4:29:58 pm
|
| 994 |
|
|
|a C0
|b TXA
|
| 999 |
|
|
|a MARS
|
| 999 |
f |
f |
|s d968c82f-a7b9-30c6-81cb-7a7e747b9401
|i 610a126e-0bad-33bb-b953-8bb40ec8709b
|t 0
|
| 952 |
f |
f |
|p normal
|a Texas A&M University
|b College Station
|c Sterling C. Evans Library
|d Evans: Maps (2nd floor)
|t 0
|e G4034.R68 1972 .R6
|h Library of Congress classification
|i unmediated -- sheet
|m A14841107258
|
| 998 |
f |
f |
|a G4034.R68 1972 .R6
|t 0
|l Evans: Maps (2nd floor)
|